11000 FEET a vanished love story/ (Record no. 178284)
[ view plain ]
| 000 -LEADER | |
|---|---|
| fixed length control field | 00644nam a22001937a 4500 |
| 005 - DATE AND TIME OF LATEST TRANSACTION | |
| control field | 20210324130700.0 |
| 010 ## - LCCN (DPL NO) | |
| LC control number | ENG-129282 |
| 020 ## - INTERNATIONAL STANDARD BOOK NUMBER | |
| International Standard Book Number | 81-87756-33-0 |
| Terms of availability | 150.00 |
| 035 ## - SYSTEM CONTROL NUMBER | |
| System control number | EN-112814 |
| 037 ## - SOURCE OF ACQUISITION | |
| Source of stock number/acquisition | DBAD/PUB |
| 082 ## - DEWEY DECIMAL CLASSIFICATION NUMBER | |
| Classification number | N |
| 100 ## - MAIN ENTRY--PERSONAL NAME | |
| Personal name | DHINGRA, ESHANT |
| 245 ## - TITLE STATEMENT | |
| Title | 11000 FEET a vanished love story/ |
| Statement of responsibility, etc | ESHANT DHINGRA |
| Remainder of title | WHEN YOU DO PHD for your girl friend |
| 260 ## - PUBLICATION, DISTRIBUTION, ETC. (IMPRINT) | |
| Name of publisher, distributor, etc | Sanskar Sahitya Mala |
| Place of publication, distribution, etc | MUMBAI |
| Date of publication, distribution, etc | 2019 |
| 270 ## - ADDRESS | |
| Address | 407, Krishna Vihar , Tata Compound Irla Bridge. S.V. Road Andheri (w) |
| City | MUMBAI |
| Postal code | 400058 |
| Electronic mail address | ssmhindibooks@gmail.com |
| Telephone number | 022-26244671 |
| 300 ## - PHYSICAL DESCRIPTION | |
| Extent | 89p. |
| Dimensions | 20cm(hbk) |
| 700 ## - ADDED ENTRY--PERSONAL NAME | |
| Personal name | Das, Tapas |
| 942 ## - ADDED ENTRY ELEMENTS (KOHA) | |
| Source of classification or shelving scheme | Dewey Decimal Classification |
| Item type | English Books |
| Classification part | N |
| Call number suffix | DHI |
| Withdrawn status | Lost status | Not for loan | Collection code | Home library | Current library | Date acquired | Source of acquisition | Cost, normal purchase price | Full call number | Barcode | Copy number | Cost, replacement price | Koha item type |
|---|---|---|---|---|---|---|---|---|---|---|---|---|---|
| Fiction | Central Library | Central Library | 24/03/2021 | DBAD/PUB | 150.00 | N DHI | EN-112814 | 1 | 150.00 | English Books |
